000 00275nam a2200121Ia 4500
008 190216s9999||||xx |||||||||||||| ||und||
100 _aSankara Kurup G
245 0 _aMeghacchaya
260 _bNational Book Stall
_c1969
300 _a68p
650 _aKavithkal
942 _cBK
999 _c26190
_d26190